00355pab a2200133 454500008004000000100001700040245007900057260000900136300001100145362001100156650001900167650001500186773002000201180718b2006 xxu||||| |||| 00| 0 eng d aGupta, Lalit aEvaluation work: raising accountability and valuable input through reports c2006 ap.4-8. a27 Feb aAccountability aEvaluation aUniversity News